Who will be my friends? (Record no. 5737)

MARC details
000 -LEADER
fixed length control field 01021cam a22003011 4500
001 - CONTROL NUMBER
control field 5737
003 - CONTROL NUMBER IDENTIFIER
control field FISKH
005 - DATE AND TIME OF LATEST TRANSACTION
control field 20250612102517.0
008 - FIXED-LENGTH DATA ELEMENTS--GENERAL INFORMATION
fixed length control field 741112s1960 nyua j 000 1 eng
010 ## - LIBRARY OF CONGRESS CONTROL NUMBER
LC control number 60014096
020 ## - INTERNATIONAL STANDARD BOOK NUMBER
International Standard Book Number 9780064440721
040 ## - CATALOGING SOURCE
Original cataloging agency DLC
Transcribing agency OClCo
Modifying agency OCoLC
-- DLC
Language of cataloging eng
050 ## - LIBRARY OF CONGRESS CALL NUMBER
Classification number PZ7.H672
082 ## - DEWEY DECIMAL CLASSIFICATION NUMBER
Classification number 813.6
100 1# - MAIN ENTRY--PERSONAL NAME
Personal name Hoff, Syd,
Dates associated with a name 1912-2004.
245 10 - TITLE STATEMENT
Title Who will be my friends?
Statement of responsibility, etc. Story and pictures by Syd Hoff.
260 ## - PUBLICATION, DISTRIBUTION, ETC.
Place of publication, distribution, etc. New York :
Name of publisher, distributor, etc. Harper Collins Publisher,
Date of publication, distribution, etc. 1960.
300 ## - PHYSICAL DESCRIPTION
Extent 32 pages ;
Other physical details color illustrations ;
Dimensions 23 cm
440 #3 - SERIES STATEMENT/ADDED ENTRY--TITLE
Title An Early I can read book
505 ## - FORMATTED CONTENTS NOTE
Formatted contents note G<br/>
520 ## - SUMMARY, ETC.
Summary, etc. He likes his new room and his new street. The policeman and the mailman are very nice. But what Freddy really needs are friends-and he looks everywhere until he finds them!
521 8# - TARGET AUDIENCE NOTE
Target audience note 360<br/>
Source Lexile<br/>
521 8# - TARGET AUDIENCE NOTE
Target audience note G<br/>
Source Raz-Plus<br/>
650 ## - SUBJECT ADDED ENTRY--TOPICAL TERM
Topical term or geographic name entry element Baseball
Form subdivision Friends
General subdivision Moving
906 ## - LOCAL DATA ELEMENT F, LDF (RLIN)
a 7
b cbc
c oclcrpl
d u
e ncip
f 19
g y-gencatlg
942 ## - ADDED ENTRY ELEMENTS (KOHA)
Source of classification or shelving scheme Dewey Decimal Classification
Koha item type Books
Suppress in OPAC No
Holdings
Withdrawn status Lost status Source of classification or shelving scheme Damaged status Not for loan Collection Home library Current library Shelving location Date acquired Total Checkouts Full call number Barcode Date last seen Price effective from Koha item type Copy number
    Dewey Decimal Classification     Juvenile Fiction Footprints International School Library Network Toul Kork Campus Footprints International School Library Network Toul Kork Campus TK Primary Library Room(4th Floor), Bookcase 7, Shelves 57-60, Dark Green Books 01/17/2025   HOF 813.6 PZ7.H672 FISTK01131 01/17/2025 01/17/2025 Books  
    Dewey Decimal Classification     Juvenile Fiction Footprints International School Library Network Toul Tom Poung Campus Footprints International School Library Network Toul Tom Poung Campus TTP Primary Green Bookshelves 06/12/2025   HOF 813.6 PZ7.H672 2025-1595 06/12/2025 06/12/2025 Books 2